Normal view
MARC view
Entry Personal Name
001 - CONTROL NUMBER
- control field: 49321
003 - CONTROL NUMBER IDENTIFIER
- control field: ARRUPE
005 - DATE AND TIME OF LATEST TRANSACTION
- control field: 20200204092328.0
008 - FIXED-LENGTH DATA ELEMENTS
- fixed length control field: 200204|| aca||aabn | a|a d
040 ## - CATALOGING SOURCE
- Original cataloging agency: ARRUPE
- Transcribing agency: ARRUPE
100 ## - HEADING--PERSONAL NAME
- Personal name: De Courcy, Anne
670 ## - SOURCE DATA FOUND
- Source citation: Work cat.: (ARRUPE): De Courcy, Anne, Society's Queen, 1992